Every NFL Stadium's Year Opened - Statistics

General Stats
  • This quiz has been taken 13 times
  • The average score is 29 of 30
Answer Stats
Stadium Team(s) Year Opened % Correct
Arrowhead Stadium Kansas City Chiefs 1972
100%
EverBank Stadium Jacksonville Jaguars 1995
100%
Bank of America Stadium Carolina Panthers 1996
100%
Northwest Stadium Washington Commanders 1997
100%
M&T Bank Stadium Baltimore Ravens 1998
100%
Raymond James Stadium Tampa Bay Buccaneers 1998
100%
Acrisure Stadium Pittsburgh Steelers 2001
100%
Empower Field Denver Broncos 2001
100%
Ford Field Detroit Lions 2002
100%
Gillette Stadium New England Patriots 2002
100%
Lumen Field Seattle Seahawks 2002
100%
NRG Stadium Houston Texans 2002
100%
Lincoln Financial Field Philadelphia Eagles 2003
100%
State Farm Stadium Arizona Cardinals 2006
100%
Lucas Oil Stadium Indianapolis Colts 2008
100%
AT&T Stadium Dallas Cowboys 2009
100%
MetLife Stadium New York Giants/New York Jets 2010
100%
Levi's Stadium San Francisco 49ers 2014
100%
US Bank Stadium Minnesota Vikings 2016
100%
Mercedes-Benz Stadium Atlanta Falcons 2017
100%
SoFi Stadium Los Angeles Rams/Los Angeles Chargers 2020
100%
Allegiant Stadium Las Vegas Raiders 2020
100%
Caesars Superdome New Orleans Saints 1975
92%
Huntington Bank Field Cleveland Browns 1999
92%
Nissan Stadium Tennessee Titans 1999
92%
Paycor Stadium Cincinnati Bengals 2000
92%
Soldier Field Chicago Bears 1924
83%
Lambeau Field Green Bay Packers 1957
83%
Hard Rock Stadium Miami Dolphins 1987
83%
Highmark Stadium Buffalo Bills 2026
83%
No matching quizzes found
Score Distribution
Percent of People with Each Score
Percentile by Number Answered
Your Score History
You have not taken this quiz